Statistics for One Word Countries Ending with Two Consonants

Click here to take the quiz!

General Stats

  • This quiz has been taken 51 times
    (47 since last reset)
  • The average score is 10 of 11

Answer Stats

ContinentCountry% Correct
EuropeFinland
98%
EuropePoland
98%
EuropeIceland
93%
EuropeIreland
93%
EuropeNetherlands
93%
EuropeSwitzerland
90%
EuropeDenmark
88%
EuropeLuxembourg
86%
AsiaThailand
81%
AfricaEgypt
74%
AsiaBangladesh
67%

Score Distribution

Percentile by Number Answered

Percent of People with Each Score

Your Score History

You have not taken this quiz since the last reset